Saikshik parimapan aru parisankhya bigyan (Record no. 6267)

MARC details
000 -LEADER
fixed length control field 00559cam a2200217ua 4500
008 - FIXED-LENGTH DATA ELEMENTS--GENERAL INFORMATION
fixed length control field 141127n ii |||gr||||Z||||||asm
020 ## - INTERNATIONAL STANDARD BOOK NUMBER
International Standard Book Number 9788192186948
040 ## - CATALOGING SOURCE
Transcribing agency MAIN
041 ## - LANGUAGE CODE
-- asm
082 ## - DEWEY DECIMAL CLASSIFICATION NUMBER
Classification number 370.15
100 ## - MAIN ENTRY--PERSONAL NAME
Personal name Borthakur, M.,
Relator term
245 1# - TITLE STATEMENT
Title Saikshik parimapan aru parisankhya bigyan
Statement of responsibility, etc. By Minoti Borthakur
250 ## - EDITION STATEMENT
Edition statement 3rd.
260 ## - PUBLICATION, DISTRIBUTION, ETC.
Place of publication, distribution, etc. Jorhat:
Name of publisher, distributor, etc. Unika,
Date of publication, distribution, etc. 2011.
300 ## - PHYSICAL DESCRIPTION
Extent 524p.
700 ## - ADDED ENTRY--PERSONAL NAME
Personal name Saikia, Tarun,
Relator term
700 ## - ADDED ENTRY--PERSONAL NAME
Personal name Saikia, Runu Borah,
Relator term
942 ## - ADDED ENTRY ELEMENTS (KOHA)
Koha item type Books
653 ## - INDEX TERM--UNCONTROLLED
Uncontrolled term Educational statistics
Holdings
Withdrawn status Lost status Damaged status Not for loan Home library Current library Shelving location Date acquired Total Checkouts Full call number Barcode Date last seen Date last checked out Copy number Price effective from Koha item type
        Central Library, Naharkatiya College Central Library, Naharkatiya College General Stacks 19/09/2020 2 370.15 | BOR 20659 20/09/2022 02/09/2022 1 19/09/2020 Books

Naharkatiya College © 2020. All rights reserved.

Powered By